00342nam a2200133Ia 4500008004000000020001600040082001600056100001900072245003900091250000500130260004200135300000800177650002300185210210b2004 xxu||||| |||| 00| 0 eng d a019566924 X a530.03 ISAO aISAACS (Alan). aOxford dictionary of Physics. Ed.4 a aOxfordbOxford University Pressc2004 a542 aDictionary physics